000 00488nam a2200181Ia 4500
005 20250326124729.0
008 250326s9999 xx 000 0 und d
037 _aTextbook
040 _aFMSL
_beng
_cFMSL
041 _aeng
_2eng
084 _aX:89A L9
_qFMSL
100 _aLowe P
_9106151
245 0 _aInvestment for production
_cLowe P
260 _aLondon
_bLondon, Associated Business
_c1979
300 _a261p
942 _cTB
_hX:89A L9
999 _c1274955
_d1274955